Pokémon Fossile - Statistiques

Statistiques générales
  • Ce quiz a été pris 19 fois
  • Le résultat moyen est 20 sur 25
Statistiques - réponses
Par images Réponse % Correct
Kabuto
100%
Ptéra
100%
Amonistar
94%
Amonita
94%
Kabutops
94%
Bastiodon
89%
Dinoclier
89%
Kranidos
89%
Ptyranidur
89%
Anorith
83%
Armaldo
83%
Charkos
83%
Dragmara
83%
Lilia
83%
Arkéapti
78%
Mégapagos
78%
Rexillius
78%
Vacilys
78%
Amagara
72%
Carapagos
72%
Aéroptéryx
67%
Hydragon
61%
Galvagla
56%
Galvagon
56%
Hydragla
56%
Aucun quiz correspondant
Distribution des résultats
% des personnes avec chaque résultat
Percentile par nombre de réponses
Votre historique - résultats
Vous n’avez pas pris ce quiz